000 00657nam a2200241Ia 4500
005 20260430150356.0
008 008 250103s9999 xx 000 0 eng d
037 _aTheses
040 _aCRL
040 _beng
040 _ceng
041 _2eng
041 _aeng
084 _qCRL
100 _aSaini Shubham Au.; Tomer Sachin Gu.
_91237306
245 0 _aSome Contributions to Estimation Procedures for Lifetime Models Using Censored Data
260 _c2022
300 _a184p.
650 _aStatistics
700 _aUniversity of Delhi. Faculty of Mathematical Sciences. Deptt. of Statistics
942 _cTH
999 _c1849635
_d1849635